Nalaganje...

Greek purankatha kosh

Bibliografske podrobnosti
Glavni avtor: Kamal Kumar Naseem
Izdano: Radha Publications
LEADER 00185 a2200085 4500
100 |a Kamal Kumar Naseem 
245 |a Greek purankatha kosh 
260 |b Radha Publications 
942 |c BK  |6 _ 
999 |c 67409  |d 67409